Rufinito / (Registro nro. 38195)
[ vista simple ]
| 000 -CABECERA | |
|---|---|
| campo de control de longitud fija | 01057nam a2200205 a 4500 |
| 001 - NÚMERO DE CONTROL | |
| campo de control | 000038705 |
| 005 - FECHA Y HORA DE LA ÚLTIMA TRANSACCIÓN | |
| campo de control | 20240614093609.0 |
| 008 - DATOS DE LONGITUD FIJA--INFORMACIÓN GENERAL | |
| campo de control de longitud fija | 130418s1908 dr 000 f spa d |
| 040 ## - FUENTE DE LA CATALOGACIÓN | |
| Centro catalogador/agencia de origen | DO-SdBNP |
| Lengua de catalogación | spa |
| Centro/agencia transcriptor | BNPHU |
| 082 ## - NÚMERO DE LA CLASIFICACIÓN DECIMAL DEWEY | |
| Número de clasificación | RD863.3 |
| Número de documento/Ítem | G216r |
| 100 1# - ENTRADA PRINCIPAL--NOMBRE DE PERSONA | |
| Nombre de persona | García Godoy, Federico, |
| Fechas asociadas al nombre | 1857-1924 |
| 9 (RLIN) | 1669 |
| 245 10 - MENCIÓN DE TÍTULO | |
| Título | Rufinito / |
| Mención de responsabilidad, etc. | Federico García Godoy. |
| 260 ## - PUBLICACIÓN, DISTRIBUCIÓN, ETC. | |
| Lugar de publicación, distribución, etc. | Santo Domingo, |
| Fecha de publicación, distribución, etc. | La Cuna de América |
| -- | 1908. |
| 300 ## - DESCRIPCIÓN FÍSICA | |
| Extensión | 207 p. ; |
| Dimensiones | 19 cm. |
| 505 0# - NOTA DE CONTENIDO CON FORMATO | |
| Información miscelánea | Introducción -- |
| Título | Palabras -- |
| -- | El momento histórico -- |
| -- | Pedro Santana -- |
| -- | Los febreristas -- |
| -- | Mella en Santiago -- |
| -- | La Vega -- |
| -- | La Vega de entonces -- |
| -- | Los dones -- |
| -- | Rufinito -- |
| -- | Psicología de un santanista -- |
| -- | Duarte en el Cibao -- |
| -- | Siguiendo la pista -- |
| -- | Camino del Capitolio -- |
| -- | Rufinito contento -- |
| -- | "Los de los tristes destinos" -- |
| -- | Al borde del abismo -- |
| -- | Misterio -- |
| -- | Moraleja -- |
| -- | Notas. |
| 650 #0 - PUNTO DE ACCESO ADICIONAL DE MATERIA--TÉRMINO DE MATERIA | |
| Término de materia o nombre geográfico como elemento de entrada | Novela histórica dominicana. |
| 9 (RLIN) | 860 |
| 650 #0 - PUNTO DE ACCESO ADICIONAL DE MATERIA--TÉRMINO DE MATERIA | |
| Término de materia o nombre geográfico como elemento de entrada | Literatura dominicana. |
| 9 (RLIN) | 67 |
| 651 #0 - PUNTO DE ACCESO ADICIONAL DE MATERIA--NOMBRE GEOGRÁFICO | |
| Nombre geográfico | República Dominicana -- |
| Subdivisión general | Historia -- |
| Subdivisión cronológica | 1844-1930 |
| 9 (RLIN) | 1009 |
| 910 ## - DATOS DE OPCIÓN DEL USUARIO (OCLC) | |
| Datos de opción del usuario | Validado. Control de calidad MFF |
| Estado de retiro | Estado de pérdida | Restricciones de uso | No para préstamo | Código de colección | Localización permanente | Ubicación/localización actual | Ubicación en estantería | Fecha de adquisición | Número de inventario | Total de préstamos | Signatura topográfica completa | Código de barras | Fecha visto por última vez | Precio válido a partir de | Tipo de ítem Koha |
|---|---|---|---|---|---|---|---|---|---|---|---|---|---|---|---|
| Excluido de préstamo | Raros y valiosos | Patrimonio Dominicano | Patrimonio Dominicano | Depósito | 18.04.2013 | LF1 | RD863.3 G216r | 38705-10 | 25.06.2020 | 25.06.2020 | No se presta | ||||
| Excluido de préstamo | Raros y valiosos | Patrimonio Dominicano | Patrimonio Dominicano | Depósito | 17.05.2013 | LF1 | RD863.3 G216r | 38705-20 | 25.06.2020 | 25.06.2020 | No se presta |
